Cadernos de processo do trabalho Nð 2 Competn̊cia da justiȧ do trabalho /

Detalles Bibliográficos
Autor principal: Teixeira Filho, Manoel Antonio
Formato: eBook
Lenguaje:portugués
Publicado: San Pablo: LTR, 2018
Materias:
Acceso en línea:Acceso restringido

MARC

LEADER 00000nam a22000007a 4500
005 20190104112729.0
007 cr|||| ||||
008 190104s2018 br |||||s|||| 00||0 por d
020 |a 978-85-361-9600-8 
035 |a 22706 
040 |a vLex 
090 |c 8428  |d 8428 
100 1 |a Teixeira Filho, Manoel Antonio 
245 1 0 |a Cadernos de processo do trabalho Nð 2  |h [Recurso electrn̤ico] :  |b Competn̊cia da justiȧ do trabalho /  |c Manoel Antonio Teixeira Filho 
256 |a Servicio en ln̕ea 
260 |a San Pablo:  |b LTR,  |c 2018 
300 |a 1 recurso electrn̤ico 
506 1 |a Disponible solo en los productos indicados  |d vLex Global  |d vLex Global (Academic Edition, excluding Law Schools)  |d vLex Global (U.S. Academic Edition, Law Schools)  |d vLex Global (U.S. Academic Edition, excluding Law Schools)  |d vLex Global (Academic Edition, Law Schools) 
650 0 4 |a Derecho Laboral y Seguridad Social  |z Brasil 
740 0 |a vLex Libros (Servicio en ln̕ea) 
856 4 0 |u http://vlex.com/source/cadernos-processo-trabalho-2-compet-ncia-justi-a-trabalho-22706  |z Acceso restringido 
942 |c BOOK 
999 0 |a Labor law and social security